[Event "La Zubia op"]
[Site "La Zubia"]
[Date "2023.12.09"]
[Round "5"]
[White "Gaitan Galstya, Narek"]
[Black "Castillo Gallego, Sergio"]
[Result "0-1"]
[WhiteElo "1678"]
[BlackElo "2127"]
[PlyCount "94"]
[EventDate "2023.12.07"]
[EventType "swiss"]
[EventRounds "7"]
[EventCountry "ESP"]
[SourceTitle "CB50_2023"]
[SourceDate "2023.12.13"]
[SourceVersion "1"]
[SourceVersionDate "2023.12.13"]
[SourceQuality "1"]

1. e4 e5 2. Nf3 Nc6 3. d4 exd4 4. Nxd4 Bb4+ 5. c3 Bc5 6. Nb3 Bb6 7. Qe2 d6 8. Be3 Nf6 9. f3 0-0 10. N1d2 Re8 11. Bxb6 axb6 12. a3 d5 13. 0-0-0 Bd7 14. Qd3 dxe4 15. Nxe4 Nxe4 16. fxe4 Ne5 17. Qg3 Qe7 18. Nd4 Bg4 19. Rd2 Rad8 20. Be2 Bxe2 21. Rxe2 Qf6 22. Rd1 c5 23. Nf5 Rxd1+ 24. Kxd1 g6 25. Ne3 c4 26. Nd5 Qf1+ 27. Re1 Qd3+ 28. Qxd3 Nxd3 29. Nf6+ Kf8 30. Nxe8 Nxe1 31. Nd6 Nxg2 32. Nxc4 b5 33. Nd6 Ne3+ 34. Ke2 Nc4 35. Nxc4 bxc4 36. Ke3 b5 37. Kd4 Ke7 38. Kd5 f6 39. a4 bxa4 40. Kxc4 Kd6 41. Kd4 h5 42. c4 g5 43. h3 Kc6 44. c5 g4 45. hxg4 hxg4 46. Ke3 Kxc5 47. Kf4 Kd4 0-1

[Event "ESP-ch U12 rapid"]
[Site "Salobrena"]
[Date "2023.07.16"]
[Round "7"]
[White "Najar Arrieta, Oriol"]
[Black "Gaitan Galstya, Narek"]
[Result "1-0"]
[WhiteElo "1760"]
[BlackElo "1360"]
[PlyCount "98"]
[EventDate "2023.07.15"]
[EventType "swiss (rapid)"]
[EventRounds "9"]
[EventCountry "ESP"]
[SourceTitle "EXT 2024"]
[Source "ChessBase"]
[SourceDate "2023.10.10"]
[SourceVersion "1"]
[SourceVersionDate "2023.10.10"]
[SourceQuality "1"]

1. e4 c5 2. Nf3 d6 3. d4 cxd4 4. Nxd4 Nf6 5. Nc3 g6 6. Be3 Bg7 7. f3 0-0 8. Qd2 Nc6 9. g4 Nxd4 10. Bxd4 Be6 11. 0-0-0 Qa5 12. a3 a6 13. h4 b5 14. g5 Nh5 15. Bxg7 Kxg7 16. Qd4+ Kg8 17. Bh3 Bxh3 18. Rxh3 Nf4 19. Rh2 Rab8 20. Nd5 Nxd5 21. Qxd5 Qb6 22. h5 Kg7 23. hxg6 hxg6 24. Rdh1 Rh8 25. Rxh8 Rxh8 26. Rxh8 Qg1+ 27. Kd2 Qf2+ 28. Kc3 Qxf3+ 29. Kb4 Kxh8 30. Qa8+ Kg7 31. Qxa6 Qxe4+ 32. Kxb5 Qe2+ 33. Ka5 Qxc2 34. b4 Qc7+ 35. Qb6 Qc8 36. Qd4+ Kg8 37. b5 Qa8+ 38. Kb4 Qb8 39. b6 e5 40. Qf2 d5 41. Kb5 d4 42. Qc2 Qe8+ 43. Ka6 Qa8+ 44. Kb5 Qe8+ 45. Qc6 Qb8 46. b7 d3 47. Qc8+ Qxc8 48. bxc8Q+ Kg7 49. Qc3 Kg8 1-0

[Event "ESP-ch U12 rapid"]
[Site "Salobrena"]
[Date "2023.07.16"]
[Round "9"]
[White "Reboredo Barrosa, Antia"]
[Black "Gaitan Galstya, Narek"]
[Result "1/2-1/2"]
[WhiteElo "1213"]
[BlackElo "1360"]
[PlyCount "88"]
[EventDate "2023.07.15"]
[EventType "swiss (rapid)"]
[EventRounds "9"]
[EventCountry "ESP"]
[SourceTitle "EXT 2024"]
[Source "ChessBase"]
[SourceDate "2023.10.10"]
[SourceVersion "1"]
[SourceVersionDate "2023.10.10"]
[SourceQuality "1"]

1. e4 c5 2. c3 d6 3. d4 cxd4 4. cxd4 Nf6 5. Nc3 g6 6. Nf3 Bg7 7. Bc4 Nc6 8. 0-0 0-0 9. Be3 Bg4 10. h3 Bxf3 11. Qxf3 e6 12. Rfd1 Nb4 13. Bb3 Rc8 14. a3 Nc6 15. Rac1 Na5 16. Ba2 Nc4 17. Bxc4 Rxc4 18. Qe2 d5 19. exd5 exd5 20. Nxd5 Rxc1 21. Nxf6+ Bxf6 22. Rxc1 Re8 23. Qd2 Qb6 24. Rc4 Rd8 25. Rb4 Qc7 26. Bf4 Qe7 27. Qe3 Qd7 28. Be5 Re8 29. Qf4 Be7 30. Rc4 f6 31. Bxf6 Qe6 32. Bxe7 Qxc4 33. Bf6 Rf8 34. Qh4 Qf7 35. Be5 Re8 36. Qg3 Qa2 37. Qc3 Qb1+ 38. Kh2 Qf5 39. Kg1 Rf8 40. Qd2 Qb1+ 41. Kh2 Qf5 42. f3 Rc8 43. Qh6 Qf7 44. Qd2 Qf5 1/2-1/2

[Event "ESP-ch U12"]
[Site "Salobrena"]
[Date "2023.07.14"]
[Round "8"]
[White "Gaitan Galstya, Narek"]
[Black "Kozlova, Ekaterina I"]
[Result "0-1"]
[WhiteElo "1564"]
[BlackElo "1222"]
[PlyCount "84"]
[EventDate "2023.07.10"]
[EventType "swiss"]
[EventRounds "9"]
[EventCountry "ESP"]
[SourceTitle "EXT 2024"]
[Source "ChessBase"]
[SourceDate "2023.10.10"]
[SourceVersion "1"]
[SourceVersionDate "2023.10.10"]
[SourceQuality "1"]

1. d4 d5 2. Nf3 Nf6 3. c4 c6 4. Nc3 e6 5. cxd5 exd5 6. Bf4 Bb4 7. a3 Bxc3+ 8. bxc3 Qa5 9. Qb3 Ne4 10. Rc1 Nd7 11. e3 Ndf6 12. Bd3 b5 13. Ne5 Qb6 14. Nxc6 a6 15. Ne5 Be6 16. a4 Nd6 17. Rb1 0-0 18. 0-0 Nc4 19. axb5 Nd2 20. Qc2 Nxb1 21. Rxb1 axb5 22. Bg5 Ne4 23. Be7 Rfe8 24. Bb4 f5 25. f3 Ng5 26. Bxf5 Bxf5 27. Qxf5 Qf6 28. Qd7 Red8 29. Qxb5 Ra2 30. Rf1 h5 31. Nc6 Nh3+ 32. Kh1 Qg5 33. g3 Rda8 34. Qxd5+ Qxd5 35. Ne7+ Kh7 36. Nxd5 g5 37. Be7 Re2 38. Nb4 Ra3 39. Rb1 Rxc3 40. d5 Rcxe3 41. d6 Rxf3 42. d7 Rff2 0-1